Proč ten western western /

Hlavní autor: Štědrý, Ivan, 1934-
Další autoři: Kraus, Ronald, 1927-1996
Jazyk: Čeština
Vydáno: Praha : Panton, 1965
Vydání: 1. vyd.
Edice: Písničky při kytaře
Fyzický popis: 1 sv. (nestránkován)
Hudebniny Hudebniny
Uloženo v:
LEADER 00842ncm a22002532a 4500
001 000972822
003 CZ BrMZK
005 20100531131937.0
007 qu
008 091022s1965 xr |||||||||||||||||cze d
040 |a BOA001  |b cze 
072 7 |a 784  |x Vokální hudba  |2 Konspekt  |9 9 
100 1 |a Štědrý, Ivan,  |d 1934-  |7 jx20090908083  |4 cmp 
245 1 0 |a Proč ten western  |h [hudebnina] :  |b western /  |c hudba Ivan Štědrý ; text Ronald Kraus 
250 |a 1. vyd. 
260 |a Praha :  |b Panton,  |c 1965 
300 |a 1 sv. (nestránkován) 
490 1 |a Písničky při kytaře ;  |v 8 
700 1 2 |a Kraus, Ronald,  |d 1927-1996  |7 xx0007380  |4 lyr 
830 0 |a Písničky při kytaře 
910 |a BOA001  |b Mus1-0549.039 
990 |a MU 
991 |b 200910 
996 6 |b 2619448799  |c Mus1-0549.039  |l MZK  |r Sklad / do 1 hodiny  |n 0  |w 000972822  |u 000010  |a 1  |e BOA001  |j MZK50  |s P